000 01034nam a2200301Ia 4500
003 GCL
008 140319s9999 xx 000 0 ara d
040 _aGCL /
_cGCL
082 0 4 _a513.953
_bج م
100 1 _aمحمد حمدى الحنفى الشيخ (تحقيق)
245 1 0 _aمفتاح الحساب /
_cمحمد حمدى الحنفى الشيخ (تحقيق)
700 1 _aعبدالحميد لطفى (مراجع)
700 1 _aمشير غياث الدين الكاشى
260 _a[S.N] :
_bدار الكاتب العربى للطباعة والنشر
300 _a357
490 _a
650 0 4 _aالحضارة العربية الاسلامية - المعارف البحرية
650 0 4 _aالعلم
650 0 4 _aالتراث
650 0 4 _aالحضارة
650 0 4 _aالتراث العربى
650 0 4 _aالرياضيات
650 0 4 _aالعلوم عند العرب
650 0 4 _aالحضارة الاسلامية
650 0 4 _aالحساب
650 0 4 _aالاعداد
942 _2ddc
_cBK
999 _c29648
_d29648